[Event "Titled Tuesday intern op 22nd Nov Early"]
[Site "Chess.com INT"]
[Date "2022.11.22"]
[Round "3"]
[White "Skibbe, Willi"]
[Black "Roque Sola, Gisela"]
[Result "1-0"]
[WhiteElo "2190"]
[BlackElo "2061"]
[PlyCount "69"]
[EventDate "2022.11.22"]
[EventType "swiss (blitz)"]
[EventRounds "11"]
[EventCountry "USA"]
[SourceTitle "CBM 211 Extra"]
[Source "ChessBase"]
[SourceDate "2023.01.31"]
[SourceVersion "1"]
[SourceVersionDate "2023.01.31"]
[SourceQuality "1"]

1. Nf3 Nf6 2. g3 g6 3. Bg2 Bg7 4. 0-0 0-0 5. b3 c5 6. Bb2 Nc6 7. e3 d5 8. c4 d4 9. exd4 cxd4 10. d3 Bg4 11. a3 Ne5 12. Re1 Nxf3+ 13. Bxf3 Bxf3 14. Qxf3 Qd7 15. Nd2 Rfe8 16. Ne4 Nxe4 17. Rxe4 e5 18. Rae1 f5 19. R4e2 Kf7 20. Qg2 e4 21. dxe4 d3 22. Rd2 Bxb2 23. Rxb2 fxe4 24. Rd2 Qd4 25. Rc1 Re7 26. Qf1 Rae8 27. Kg2 Qc5 28. b4 Qf5 29. Qd1 e3 30. fxe3 Rxe3 31. Qf1 Re2+ 32. Rxe2 Rxe2+ 33. Kg1 d2 34. Rd1 Kf6 35. Qxe2 1-0

[Event "Titled Tuesday intern op 08th Nov Late"]
[Site "Chess.com INT"]
[Date "2022.11.08"]
[Round "2"]
[White "Arencibia Monduy, Antonio"]
[Black "Roque Sola, Gisela"]
[Result "1-0"]
[WhiteElo "2100"]
[BlackElo "2061"]
[PlyCount "79"]
[EventDate "2022.11.08"]
[EventType "swiss (blitz)"]
[EventRounds "11"]
[EventCountry "USA"]
[SourceTitle "EXT 2024"]
[Source "ChessBase"]
[SourceDate "2023.10.10"]
[SourceVersion "1"]
[SourceVersionDate "2023.10.10"]
[SourceQuality "1"]

1. e4 e6 2. d4 d5 3. Bd3 dxe4 4. Bxe4 Nf6 5. Bf3 c5 6. Ne2 Nc6 7. c3 cxd4 8. cxd4 Bb4+ 9. Nbc3 0-0 10. Bg5 h6 11. Bh4 Be7 12. 0-0 Bd7 13. Qb3 Na5 14. Qd1 Bc6 15. Bxc6 Nxc6 16. Qb3 b6 17. Rfd1 Nd5 18. Bg3 Na5 19. Qb5 Nf6 20. d5 exd5 21. Nxd5 Nxd5 22. Rxd5 Qc8 23. b4 Nb7 24. Rc1 Qg4 25. Rd4 Qe6 26. Nf4 Qxa2 27. h3 Bf6 28. Rd7 Nd8 29. Qd5 Qxd5 30. Nxd5 Bb2 31. Rc2 Ba3 32. Bd6 Re8 33. Ne7+ Kh7 34. Nf5 Kg6 35. g4 Ne6 36. Ne7+ Kh7 37. Nf5 Kg6 38. Rc6 Rac8 39. Rxc8 Rxc8 40. Ne7+ 1-0

[Event "Titled Tuesday intern op 08th Nov Early"]
[Site "Chess.com INT"]
[Date "2022.11.08"]
[Round "10"]
[White "Roque Sola, Gisela"]
[Black "Korelskiy, Egor"]
[Result "1/2-1/2"]
[WhiteElo "2061"]
[BlackElo "2153"]
[PlyCount "101"]
[EventDate "2022.11.08"]
[EventType "swiss (blitz)"]
[EventRounds "11"]
[EventCountry "USA"]
[SourceTitle "EXT 2024"]
[Source "ChessBase"]
[SourceDate "2023.10.10"]
[SourceVersion "1"]
[SourceVersionDate "2023.10.10"]
[SourceQuality "1"]

1. e4 c5 2. Nf3 e6 3. d4 cxd4 4. Nxd4 a6 5. Nc3 Qc7 6. a3 Nf6 7. Be3 b5 8. f4 b4 9. axb4 Bxb4 10. Ndb5 Qc6 11. Qd4 axb5 12. Rxa8 Qxa8 13. Qxb4 Nc6 14. Qa3 Qxa3 15. bxa3 b4 16. axb4 Nxb4 17. Kd2 Bb7 18. Bd3 Nxd3 19. cxd3 0-0 20. Rb1 Bc6 21. h3 h6 22. g4 Rd8 23. Ba7 d5 24. e5 Nd7 25. d4 Ra8 26. Bb6 Rb8 27. Bc7 Rc8 28. Bd6 f6 29. Ra1 fxe5 30. fxe5 Ra8 31. Rxa8+ Bxa8 32. Nb5 Kf7 33. Ke3 Nb6 34. Bc5 Nc4+ 35. Kf4 Bc6 36. Nd6+ Nxd6 37. exd6 Kf6 38. Bb6 g5+ 39. Ke3 e5 40. Bd8+ Ke6 41. dxe5 Kxe5 42. Be7 d4+ 43. Kd2 Bb5 44. Bf8 Ke4 45. Bxh6 Kf4 46. Bg7 Kg3 47. Bf6 Kxh3 48. Bxg5 Kxg4 49. Bf6 d3 50. d7 Bxd7 51. Kxd3 1/2-1/2

[Event "Titled Tuesday intern op 08th Nov Early"]
[Site "Chess.com INT"]
[Date "2022.11.08"]
[Round "7"]
[White "Roque Sola, Gisela"]
[Black "Makhmudov, Shukhrat"]
[Result "1-0"]
[WhiteElo "2061"]
[BlackElo "2115"]
[PlyCount "101"]
[EventDate "2022.11.08"]
[EventType "swiss (blitz)"]
[EventRounds "11"]
[EventCountry "USA"]
[SourceTitle "EXT 2024"]
[Source "ChessBase"]
[SourceDate "2023.10.10"]
[SourceVersion "1"]
[SourceVersionDate "2023.10.10"]
[SourceQuality "1"]

1. e4 e5 2. Nf3 Nc6 3. Bb5 a6 4. Ba4 Nf6 5. 0-0 b5 6. Bb3 Be7 7. Re1 d6 8. a4 Bb7 9. c3 0-0 10. Bc2 Nd7 11. d4 exd4 12. cxd4 Bf6 13. axb5 axb5 14. Rxa8 Qxa8 15. Nc3 b4 16. Nd5 Bd8 17. Bd2 Qa7 18. Bxb4 Nxb4 19. Nxb4 Bf6 20. Nd5 Bxd5 21. exd5 Qa2 22. Qd3 g6 23. Qb3 Qa5 24. Qa4 Qxa4 25. Bxa4 Nb6 26. Bc6 Nc4 27. b3 Na5 28. b4 Nc4 29. Rc1 Nb6 30. Kf1 g5 31. h3 h5 32. g4 Kg7 33. Ke2 Rh8 34. Ke3 hxg4 35. hxg4 Rh3 36. Ke4 Kg6 37. Be8 Bd8 38. Rc3 Rh1 39. b5 Rb1 40. Kd3 Nxd5 41. Rc2 Nb4+ 42. Kc3 Nxc2 43. Kxc2 Rf1 44. Kd3 Rxf2 45. Ke3 Rb2 46. Nd2 Rc2 47. Bc6 Bf6 48. Be4+ Kg7 49. Bxc2 Be7 50. Ke4 d5+ 51. Kxd5 1-0

[Event "Titled Tuesday intern op 08th Nov Late"]
[Site "Chess.com INT"]
[Date "2022.11.08"]
[Round "3"]
[White "Rosenberg, Evan"]
[Black "Roque Sola, Gisela"]
[Result "1-0"]
[WhiteElo "1964"]
[BlackElo "2061"]
[PlyCount "75"]
[EventDate "2022.11.08"]
[EventType "swiss (blitz)"]
[EventRounds "11"]
[EventCountry "USA"]
[SourceTitle "EXT 2024"]
[Source "ChessBase"]
[SourceDate "2023.10.10"]
[SourceVersion "1"]
[SourceVersionDate "2023.10.10"]
[SourceQuality "1"]

1. d4 Nf6 2. Nf3 g6 3. Nc3 d5 4. Bf4 c6 5. h3 Bg7 6. e3 0-0 7. Be2 Nbd7 8. 0-0 Ne4 9. Nxe4 dxe4 10. Nd2 Nf6 11. a4 Qb6 12. Nc4 Qd8 13. a5 Be6 14. a6 b6 15. Ne5 Qc8 16. Kh2 Nd7 17. Nxd7 Qxd7 18. c4 h5 19. b4 Rfd8 20. Ra2 f6 21. Kg1 g5 22. Bg3 h4 23. Bh2 b5 24. Rc2 bxc4 25. Bxc4 Bxc4 26. Rxc4 Qd5 27. Qc2 Rac8 28. Rc1 Qb5 29. Rxc6 Rxc6 30. Qxc6 Qxb4 31. Qxe4 Qa3 32. Qe6+ Kh8 33. Rb1 Qd3 34. Rf1 Qb5 35. Qxe7 Rc8 36. Qxa7 Rc2 37. Qb8+ Kh7 38. Qxb5 1-0

[Event "Titled Tuesday intern op 08th Nov Early"]
[Site "Chess.com INT"]
[Date "2022.11.08"]
[Round "4"]
[White "Tifferet, Shaked"]
[Black "Roque Sola, Gisela"]
[Result "1-0"]
[WhiteElo "2226"]
[BlackElo "2061"]
[PlyCount "109"]
[EventDate "2022.11.08"]
[EventType "swiss (blitz)"]
[EventRounds "11"]
[EventCountry "USA"]
[SourceTitle "EXT 2024"]
[Source "ChessBase"]
[SourceDate "2023.10.10"]
[SourceVersion "1"]
[SourceVersionDate "2023.10.10"]
[SourceQuality "1"]

1. d4 Nf6 2. c4 e6 3. g3 Be7 4. Bg2 d5 5. Nf3 0-0 6. 0-0 dxc4 7. Qc2 a6 8. a4 Bd7 9. Qxc4 Bc6 10. Bf4 Nbd7 11. Qc1 Nb6 12. a5 Nbd5 13. Bd2 Ne4 14. Be1 Bb5 15. Qc2 Ng5 16. Ne5 f6 17. Nd3 Bxd3 18. Qxd3 c6 19. Qb3 Qd7 20. Nc3 Kh8 21. Rd1 Rab8 22. Na4 f5 23. Bd2 Ne4 24. Bf4 Bd6 25. Bxd6 Qxd6 26. f3 Nef6 27. e4 fxe4 28. fxe4 Qb4 29. Qxb4 Nxb4 30. Nc5 Rfe8 31. e5 Nfd5 32. Rf7 b6 33. axb6 Rxb6 34. Ne4 Rbb8 35. Nd6 Rf8 36. Rdf1 Kg8 37. Bh3 Rxf7 38. Rxf7 Nc2 39. Bxe6 Nxd4 40. Bxd5 cxd5 41. Rd7 h6 42. Kg2 Rxb2+ 43. Kh3 Nf3 44. Rd8+ Kh7 45. Nf7 Rxh2+ 46. Kg4 Nd4 47. Rxd5 h5+ 48. Kf4 Rf2+ 49. Ke3 Rxf7 50. Kxd4 Ra7 51. e6 Kg6 52. Rd7 Ra8 53. Ke5 a5 54. e7 Kf7 55. Rd8 1-0

[Event "Titled Tuesday intern op 01st Nov Late"]
[Site "Chess.com INT"]
[Date "2022.11.01"]
[Round "2"]
[White "Roque Sola, Gisela"]
[Black "Jaferian, Koosha"]
[Result "0-1"]
[WhiteElo "2061"]
[BlackElo "2227"]
[PlyCount "140"]
[EventDate "2022.11.01"]
[EventType "swiss (blitz)"]
[EventRounds "11"]
[EventCountry "USA"]
[SourceTitle "EXT 2024"]
[Source "ChessBase"]
[SourceDate "2023.10.10"]
[SourceVersion "1"]
[SourceVersionDate "2023.10.10"]
[SourceQuality "1"]

1. e4 c5 2. Nf3 d6 3. d4 cxd4 4. Nxd4 Nf6 5. Nc3 a6 6. Be2 e5 7. Nb3 Be6 8. 0-0 Be7 9. Bf3 0-0 10. a4 Nc6 11. Be3 Rc8 12. Re1 Na5 13. Nd2 d5 14. exd5 Nxd5 15. Nxd5 Bxd5 16. c3 Nc6 17. Bxd5 Qxd5 18. Qf3 Qe6 19. h3 f5 20. Rad1 e4 21. Qg3 Bf6 22. Bc5 Rfd8 23. Bb6 Rd7 24. Nf1 Ne5 25. Bd4 Rcd8 26. Ne3 Ng6 27. Bxf6 Qxf6 28. Rxd7 Rxd7 29. Qb8+ Nf8 30. Rd1 Rxd1+ 31. Nxd1 Qe7 32. Ne3 Qd7 33. g3 Kf7 34. Qe5 g6 35. Kg2 Qe6 36. Qc7+ Qe7 37. Qc4+ Kg7 38. Qd4+ Qf6 39. Qd5 Qf7 40. Qd4+ Qf6 41. Qd5 Qe7 42. Nc4 Ne6 43. Qe5+ Kh6 44. Nd6 Qd7 45. c4 Ng5 46. Qf4 Kg7 47. Qxg5 Qxd6 48. Qe3 Kf6 49. Qc3+ Qe5 50. Qb4 Qe7 51. Qb6+ Kf7 52. c5 Qd7 53. Qb3+ Ke7 54. Qc4 Kd8 55. b4 Kc7 56. b5 axb5 57. axb5 Qe7 58. b6+ Kc6 59. Qd4 Qxc5 60. Qd8 Qxb6 61. Qf6+ Kb5 62. Qb2+ Ka6 63. Qa3+ Qa5 64. Qd6+ b6 65. Qc7 Qc5 66. Qxh7 Qc6 67. Qg8 e3+ 68. Kf1 Qc1+ 69. Ke2 Qd2+ 70. Kf3 Qxf2# 0-1

[Event "Titled Tuesday intern op 25th Oct Early"]
[Site "Chess.com INT"]
[Date "2022.10.25"]
[Round "10"]
[White "Omariev, Maksim"]
[Black "Roque Sola, Gisela"]
[Result "0-1"]
[WhiteElo "2304"]
[BlackElo "2061"]
[PlyCount "72"]
[EventDate "2022.10.25"]
[EventType "swiss (blitz)"]
[EventRounds "11"]
[EventCountry "USA"]
[SourceTitle "EXT 2024"]
[Source "ChessBase"]
[SourceDate "2023.10.10"]
[SourceVersion "1"]
[SourceVersionDate "2023.10.10"]
[SourceQuality "1"]

1. c3 c5 2. Qa4 Nc6 3. f3 a6 4. Kd1 b5 5. Qh4 Nf6 6. Qe1 Qb6 7. d3 d5 8. e4 e6 9. Kc2 a5 10. Bg5 d4 11. Bxf6 gxf6 12. Nd2 Ba6 13. f4 c4 14. Ngf3 dxc3 15. bxc3 cxd3+ 16. Bxd3 b4 17. Bxa6 Qxa6 18. Qf1 Qb7 19. Rb1 Rc8 20. Qd3 a4 21. Rhc1 b3+ 22. Kd1 Rd8 23. Qc4 Ba3 24. Qxa4 Bxc1 25. Kxc1 0-0 26. axb3 Ra8 27. Qc4 Rfc8 28. Kd1 Ne5 29. Qe2 Nxf3 30. Qxf3 Ra2 31. Ke1 Qb6 32. Nf1 Rxc3 33. Qg4+ Kh8 34. Qh4 Re3+ 35. Nxe3 Qxe3+ 36. Kd1 Qd2# 0-1

[Event "Titled Tuesday intern op 25th Oct Early"]
[Site "Chess.com INT"]
[Date "2022.10.25"]
[Round "1"]
[White "Roque Sola, Gisela"]
[Black "Koellner, Ruben Gideon"]
[Result "1-0"]
[WhiteElo "2061"]
[BlackElo "2403"]
[PlyCount "53"]
[EventDate "2022.10.25"]
[EventType "swiss (blitz)"]
[EventRounds "11"]
[EventCountry "USA"]
[SourceTitle "EXT 2024"]
[Source "ChessBase"]
[SourceDate "2023.10.10"]
[SourceVersion "1"]
[SourceVersionDate "2023.10.10"]
[SourceQuality "1"]

1. e4 d6 2. d4 Nf6 3. Nc3 e5 4. Be3 Ng4 5. Be2 Nxe3 6. fxe3 Qg5 7. Nf3 Qxg2 8. Rg1 Qh3 9. dxe5 Be6 10. Nd5 Kd8 11. exd6 cxd6 12. e5 Nd7 13. Nf4 Qh6 14. exd6 Rc8 15. c3 Rc6 16. Qa4 Bxd6 17. 0-0-0 Kc7 18. Bb5 Nc5 19. Qa5+ Rb6 20. Kb1 Bf5+ 21. Ka1 Rd8 22. Nd5+ Kb8 23. Nxb6 axb6 24. Qxb6 Qf6 25. Nd4 Be4 26. Rgf1 Qe7 27. Rxf7 1-0

[Event "Titled Tuesday intern op 25th Oct Late"]
[Site "Chess.com INT"]
[Date "2022.10.25"]
[Round "3"]
[White "Roque Sola, Gisela"]
[Black "Koutlas, Nikolaos"]
[Result "0-1"]
[WhiteElo "2061"]
[BlackElo "2267"]
[PlyCount "62"]
[EventDate "2022.10.25"]
[EventType "swiss (blitz)"]
[EventRounds "11"]
[EventCountry "USA"]
[SourceTitle "EXT 2024"]
[Source "ChessBase"]
[SourceDate "2023.10.10"]
[SourceVersion "1"]
[SourceVersionDate "2023.10.10"]
[SourceQuality "1"]

1. c4 Nf6 2. Nc3 c5 3. Nf3 g6 4. g3 Bg7 5. Bg2 0-0 6. 0-0 Nc6 7. a3 a6 8. Rb1 Rb8 9. b4 cxb4 10. axb4 b5 11. cxb5 axb5 12. d4 d5 13. Bf4 Rb6 14. Qc1 Bf5 15. Rb3 Ne4 16. Nxb5 Qd7 17. Nc3 Rc8 18. Nxe4 dxe4 19. Nh4 Nxd4 20. Qe3 Rbc6 21. Nxf5 gxf5 22. Rbb1 Rc3 23. Qd2 Rc2 24. Qd1 Nxe2+ 25. Kh1 Qb5 26. Be3 Ra2 27. Rb3 Ra1 28. Rb1 Nc3 29. Qc2 Rxb1 30. Rxb1 Rc4 31. Qb3 Nxb1 0-1